000 00973nam a22002297a 4500
999 _c161365
_d161365
005 20190918110031.0
010 _a1819CHEN B-720629-649
020 _a9789384930622
_c300.00
035 _aB-720629-649
035 _aB-730052
037 _bEducation Gallery
082 _a920
100 _aArora,S.K.
245 _aVikram Sarabhai /
_cby S.K. Arora
260 _aDelhi
_bEducation Gallery
_c2018
270 _a26/25, Block-26, Gali No.12, Vishwas Nagar, Shahdara
_bDelhi
_e110032
300 _a120p.:
_bill.
_c22cm(Hb)
500 _aAirport
942 _2ddc
_cCH
_mSAR
_h920